000 00714nam a2200229 i 4500
001 77676
003 ES-MaACL
005 20250823085844.0
007 t|
008 041102s2001 pr ||||1| spa d
020 _a0-8477-0407-6
080 _a613.95
100 1 _aParrilla, Ana M.
_989262
245 1 0 _aGuía práctica para una lactancia exitosa /
_cAna M. Parrilla.
250 _a1ª ed.
260 _aSan Juan de Puerto Rico :
_bUniversidad de Puerto Rico,
_c2001.
300 _a145 p. ;
_c23 cm.
650 1 4 _aLactantes-
_xAlimentación.
_9170603
710 2 _aUniversidad de Puerto Rico
_97273
852 _aES-MaACL
_jE-10207
_z- Donativo Ateneo Puertorriqueño
999 _c77676
_d77676